| 000 | 00464nam a22001697a 4500 | ||
|---|---|---|---|
| 003 | SGT | ||
| 020 | _a9781265016982 | ||
| 082 |
_a615 _bG23B |
||
| 100 | _aBRUNTON, LAURENCE L. | ||
| 245 | _aGOODMAN & GILMAN'S THE PHARMACOLOGICAL BASIS OF THERAPEUTICS | ||
| 250 | _a14TH | ||
| 260 |
_aNEW YORK _bMCGRAW HILL PUB _c2023 |
||
| 300 | _a1645 | ||
| 650 | _aPHARMACOLOGY | ||
| 653 | _aGOODMAN & GILMAN'S THE PHARMACOLOGICAL BASIS OF THERAPEUTICS | ||
| 942 |
_2ddc _cBK |
||
| 999 |
_c25399 _d25399 |
||